Nature of management
| Main Author: | |
|---|---|
| Format: | Book |
| Published: |
Berkshire, England :
Van Nostrand Reinhold ,
1987
|
| Subjects: |
MARC
| LEADER | 00000cam a2200000 7i4500 | ||
|---|---|---|---|
| 001 | 0000009859 | ||
| 005 | 20021119093000.0 | ||
| 008 | 021119n | ||
| 020 | |a 0278000002 | ||
| 050 | 0 | 0 | |a HD31 |b .S695 |
| 090 | 0 | 0 | |a HD31 |b .S695 1987 |
| 100 | 0 | |a Stone, B. W. , |e author | |
| 245 | 0 | 0 | |a Nature of management |c B. W. Stone |
| 260 | 2 | |a Berkshire, England : |b Van Nostrand Reinhold , |c 1987 | |
| 300 | |a 189 p. ; ; |c 22 cm. | ||
| 400 | 0 | 0 | |a Bank notes. |
| 400 | 0 | 0 | |a Institute of bankers, stage 2 banking diploma. |
| 650 | 0 | |a Management | |
| 999 | |a 1000009201 |b Book |c OPEN SHELF (30 DAYS) |e Gong Badak Campus | ||